000 02199nam0a2200445 4500
001 RU\NLR\bibl\1031661
005 20260601073514.0
010 _a5-9576-0218-3
_93000
021 _aRU
_b2006-76371
_93865
035 _a(nilc)RSL-KNO-002980840
035 _a(NLR Aleph) 001019120
090 _a687091
_c687091
100 _a20061127d2006 |||y0rusy50 ca
101 0 _arus
_aeng
102 _aRU
105 _ay |||||||||
106 _ar
200 1 _aЦенные бумаги. Англо-русский, русско-английский словарь
_dSecurities. English-Russian, Russian-English Dictionary
_eоколо 50 000 слов и словосочетаний
_fИ. Ф. Жданова
_zeng
210 _aМосква
_cРусский язык Медиа
_d2006
215 _a261, [1] с.
_d22
300 _aНа обл. авт. не указан
300 _aАвт. также на англ. яз.: I.F. Zhdanova
510 0 _6z11790
_aSecurities. English-Russian, Russian-English Dictionary
_zeng
606 1 _aЦенные бумаги
_jТерминологические словари
_91746989
_3RU\NLR\auth\66782220
606 1 _aАнглийский язык
_xТерминология финансовая
_xСловари
_xРусский язык
_9971535
_3RU\NLR\auth\6645615
606 1 _aРусский язык
_xТерминология финансовая
_xСловари
_xАнглийский язык
_91696978
_3RU\NLR\auth\661053226
610 0 _aЭкономика -- Мировая экономика -- Финансы -- Финансовый рынок -- Ценные бумаги -- Терминологический словарь
686 _aУ526.229.2я212
_2rubbk
686 _aУ26(0)229.2я212
686 _aШ143.21-434.3
686 _aШ141.12-434.3
700 1 _4070
_8rus
_7ca
_aЖданова
_bИ. Ф.
_gИрина Федоровна
_3RU\NLR\auth\7724312
_97363
790 1 _4070
_8rus
_7ba
_aŽdanova
_bI. F.
_gIrina Fedorovna
_3RU\NLR\auth\7724313
_97364
801 0 _aRU
_bРКП
_c20061127
_grcr
801 1 _aRU
_bРГБ
_c20061127
801 2 _aRU
_bNLR
_c20070117
_grcr
942 _cBOOK
980 _aNB